Statistiques concernant Quiz Droit français

Cliquez ici pour prendre le quiz!

Statistiques générales

  • Ce quiz a été pris 299 fois
  • Le résultat moyen est 5 sur 15

Statistiques - réponses

IndicesRéponses% Correct
Quelle norme est au somment de la pyramide des normes de Kelsen ?la Constitution
85%
Comment s'appelle la chambre haute du Parlement français ?Le Sénat
59%
En quelle année a-t-elle eu lieu ?1981
54%
Quel ministre de la justice a proposé l'abolition de la peine de mort en France ?Robert Badinter
54%
En droit français qu'est ce qui est extérieur, irrésistible et imprévisiblela force majeure
50%
De quand date la Constitution de la Ve République ?4 octobre 1958
43%
En quelle année le code pénal napoléonien fut-il rédigé ?1810
32%
Quel aixois est un des rédacteurs du premier code civil ?Portalis
28%
Quelle décision du tribunal des conflits de 1873 reconnait la responsabilité de l'État ?Arrêt Blanco
20%
Comment s'appelle la déesse de la justice ?Thémis
14%
Quel est le nom du tout premier code de l'histoire ?le Code d'Hammurabi
12%
Quel synonyme est attribué aux juridictions commerciales ?Consulaire
5%
Quelle est la première autorité administrative de la Ve République ?la CNIL
2%
Aux alentours de quelle année a-t-il été rédigé ?-1750 avant JC
1%
Quel article de la Constitution reconnait la supériorité de la convention face à la loi nationale ?L'article 55
1%

Distribution des résultats

Percentile par nombre de réponses

% des personnes avec chaque résultat

Votre développement - résultats

Vous n’avez pas pris ce quiz